Central Library OPAC University of Rajshahi

Principles of extractive metallurgy / (Record no. 61757)

MARC details
000 -LEADER
fixed length control field 00797nam a2200265 a 4500
001 - CONTROL NUMBER
control field 61757
003 - CONTROL NUMBER IDENTIFIER
rucl marc code BD-RjUL
005 - DATE AND TIME OF LATEST TRANSACTION
control field 20211209081011.0
008 - FIXED-LENGTH DATA ELEMENTS--GENERAL INFORMATION
fixed length control field 170121r19801970nyua b 001 0 eng d
020 ## - INTERNATIONAL STANDARD BOOK NUMBER
International Standard Book Number 0677017804 (vol 1)
International Standard Book Number 2881240410 (vol 2)
035 ## - SYSTEM CONTROL NUMBER
System control number (BD-RjUL)61881
040 ## - CATALOGING SOURCE
Original cataloging agency DLC
Transcribing agency DLC
Modifying agency DLC
Language of cataloging eng
041 ## - LANGUAGE CODE
Language code of text/sound track or separate title eng
082 00 - DEWEY DECIMAL CLASSIFICATION NUMBER
Classification number 669
Edition number 23
Author mark and year HAP 1980
100 1# - MAIN ENTRY--PERSONAL NAME
Personal name Habashi, Fathi.
9 (RLIN) 183892
245 10 - TITLE STATEMENT
Title Principles of extractive metallurgy /
Statement of responsibility, etc. Fathi Habashi
260 ## - PUBLICATION, DISTRIBUTION, ETC. (IMPRINT)
Place of publication, distribution, etc. New York :
Name of publisher, distributor, etc. Gordon and Breach,
Date of publication, distribution, etc. 1970 [Printing 1980]
300 ## - PHYSICAL DESCRIPTION
Pagination x, 457 p. :
Illustrations ill. ;
Size 24 cm.
504 ## - BIBLIOGRAPHY, ETC. NOTE
Bibliography, etc Includes bibliographies and indexes.
505 1# - FORMATTED CONTENTS NOTE
Formatted contents note Vol. 2. Hydrometallurgy -- Vol. 3 Pyrometallurgy --
650 #0 - SUBJECT ADDED ENTRY--TOPICAL TERM
Topical term or geographic name as entry element Metallurgy.
9 (RLIN) 181865
942 ## - ADDED ENTRY ELEMENTS (KOHA)
Source of classification or shelving scheme Dewey Decimal Classification
Koha item type Books
Holdings
Lost status Source of classification or shelving scheme Damaged status Not for loan Collection code Permanent Location Current Location Shelving location Date acquired Source of acquisition Cost, normal purchase price Total Checkouts Full call number Date last seen Copy number Koha item type Date checked out
  Dewey Decimal Classification   Not For Loan Non-fiction Central Library, University of Rajshahi Central Library, University of Rajshahi Reading Room 17/09/1984 Tulip Enterprise, Dhaka 84.75   669 HAP V-2 1980 21/01/2017 C-1 Books  
  Dewey Decimal Classification   Not For Loan Non-fiction Central Library, University of Rajshahi Central Library, University of Rajshahi Reading Room 05/02/1990 Abacus 65.50   669 HAP V-3 1980 09/04/2017 C-1 Books  
  Dewey Decimal Classification     Non-fiction Central Library, University of Rajshahi Central Library, University of Rajshahi   05/02/1990 Abacus London 65.50 1 669 HAP V-3 1986 16/01/2023 C-2 Books 27/12/2022
  Dewey Decimal Classification   Not For Loan Non-fiction Central Library, University of Rajshahi Central Library, University of Rajshahi Reading Room 17/09/1984 Toppan- Tulip 75.95   669 HAP V-1 1980 10/04/2017 C-1 Books